Constructive responses to the call for a new international economic order
Gespeichert in:
| 1. Verfasser: | |
|---|---|
| Format: | Buch |
| Sprache: | Englisch |
| Veröffentlicht: |
Berlin
Internationales Institut für Umwelt und Gesellschaft
1982
|
| Tags: |
Keine Tags, Fügen Sie das erste Tag hinzu!
|
MARC
| LEADER | 00000nam a2200000 4500 | ||
|---|---|---|---|
| 001 | c114566 | ||
| 005 | 20190207163738.8 | ||
| 041 | 0 | |a eng | |
| 044 | |a DE | ||
| 245 | 1 | 0 | |a Constructive responses to the call for a new international economic order |c Paul P. Streeten |
| 264 | 1 | |a Berlin |b Internationales Institut für Umwelt und Gesellschaft |c 1982 | |
| 300 | |a 41 s. | ||
| 100 | 1 | |a Streeten, Paul P. | |